| 000 | 01945pam a2200469 i 4500 | ||
|---|---|---|---|
| 001 | in503525688 | ||
| 003 | DLC | ||
| 005 | 20260330175351.0 | ||
| 007 | t| | ||
| 008 | 250609t20262026nyu d 000 1 eng c | ||
| 010 | _a2025011075 | ||
| 020 |
_a9781665973076 _q(hardcover) |
||
| 020 |
_a9781665973083 _q(paperback) |
||
| 020 |
_z9781665973090 _q(ebook) |
||
| 035 | _a(OCoLC)1523195847 | ||
| 040 |
_aDLC _beng _erda _cDLC _dDLC-MRC _dTnLvILS |
||
| 042 |
_apcc _acyac |
||
| 050 | 0 | 0 |
_aPZ7.1.M37243 _bRo 2026 |
| 082 | 0 | 0 |
_a[Fic] _223/eng/20250609 |
| 099 | _aYA MAR | ||
| 100 | 1 |
_aMarkum, Samantha _eauthor _4aut _4http://id.loc.gov/vocabulary/ relators/aut _942031 |
|
| 245 | 1 | 4 |
_aThe roommate arrangement / _cSamantha Markum. |
| 250 | _aFirst edition. | ||
| 300 |
_a352 pages ; _c21 cm. |
||
| 520 | _aWhen eighteen-year-old Blair's housing plans fall through and she unexpectedly ends up rooming with her brother's best friend Jamie during a summer coding program, she strikes a deal to keep their living arrangement secret in exchange for coding help, all while trying to ignore her growing crush. | ||
| 521 |
_aAges 14 up. _bMargaret K. McElderry Books. |
||
| 521 |
_aGrades 10-12. _bMargaret K. McElderry Books. |
||
| 650 | 0 |
_aRoommates _vJuvenile fiction. _955620 |
|
| 650 | 0 |
_aComputer programming _vJuvenile fiction. _955621 |
|
| 650 | 0 |
_aSecrecy _vJuvenile fiction. |
|
| 650 | 0 |
_aMan-woman relationships _vJuvenile fiction. |
|
| 650 | 1 |
_aRomance stories _942809 |
|
| 650 | 1 |
_aRoommates _vFiction. _92902 |
|
| 650 | 1 |
_aProgramming (Computers) _vFiction. _955622 |
|
| 650 | 1 |
_aSecrets _vFiction. |
|
| 650 | 1 |
_aMan-woman relationships _vFiction. |
|
| 655 | 7 |
_aNovels _2lcgft |
|
| 655 | 7 |
_aRomance fiction _2lcgft |
|
| 776 | 1 |
_iOnline version _aMarkum, Samantha _tRoommate arrangement. _bFirst edition _dNew York : Margaret K. McElderry Books, 2026 _z9781665973090 _w(DLC) 2025011076. |
|
| 907 | _a.b514966981 | ||
| 942 |
_2ddc _cBK |
||
| 999 |
_c129574 _d129574 |
||